00321nam a2200121Ia 4500008004100000041000800041082001400049100002000063245004400083260003800127300002300165365001100188240624s9999 xx 000 0 und d aeng a336.2 BAN aBANGAR YOGENDRA aCOMPREHENSIVE GUIDE TO ADVANCED TAX LAW c2013aAllahabadbAadhya Prakashan a588 : p. : cm ; 26 cRSb10